U.S. States by First and Last Two Letters - Statistics

General Stats
  • This quiz has been taken 8,666 times
  • The average score is 52 of 100
Answers on the Map
Answers color-coded by a green-red scale on the quiz's map according to % correct below.
 
Answer Stats
State % Correct
Maine
83%
Nebraska
83%
Nevada
83%
New Hampshire
83%
New Jersey
83%
New Mexico
83%
New York
83%
Iowa
80%
Washington
80%
California
78%
Alabama
72%
Alaska
72%
Tennessee
72%
Texas
72%
Alabama
70%
Maine
70%
Maryland
70%
Massachusetts
70%
Oklahoma
70%
California
68%
Georgia
68%
Pennsylvania
68%
Virginia
68%
West Virginia
68%
Oregon
67%
Alaska
65%
Kansas
65%
Nebraska
65%
Arizona
63%
Indiana
63%
Louisiana
63%
Montana
63%
North Carolina
63%
South Carolina
63%
Colorado
62%
Connecticut
62%
New Mexico
62%
Oregon
62%
Washington
62%
Idaho
61%
Michigan
61%
Minnesota
61%
Mississippi
61%
Missouri
61%
Montana
61%
North Carolina
61%
North Dakota
61%
Arizona
60%
Arkansas
60%
South Carolina
59%
South Dakota
59%
Arkansas
58%
Kansas
58%
Texas
58%
Florida
56%
Nevada
56%
Florida
55%
Iowa
52%
Ohio
52%
Connecticut
50%
Utah
50%
Hawaii
47%
Indiana
47%
Ohio
45%
Idaho
43%
Minnesota
43%
North Dakota
43%
South Dakota
43%
Wisconsin
43%
Georgia
42%
Wyoming
42%
Oklahoma
40%
Wisconsin
37%
Illinois
36%
Louisiana
36%
Pennsylvania
36%
New York
34%
Virginia
31%
West Virginia
31%
Hawaii
30%
Utah
30%
Vermont
30%
Colorado
28%
Michigan
28%
Kentucky
27%
Wyoming
26%
Rhode Island
25%
Maryland
22%
Rhode Island
22%
Delaware
21%
Delaware
20%
Illinois
20%
New Hampshire
20%
Vermont
18%
Massachusetts
15%
Missouri
15%
New Jersey
15%
Mississippi
14%
Tennessee
14%
Kentucky
13%
No matching quizzes found
Score Distribution
Percent of People with Each Score
Percentile by Number Answered
Your Score History
You have not taken this quiz